000 00758nam a22002411 4500
001 752898
003 ARRUPE
005 20150909144840.0
008 711013s1966 pau b 000 0 eng
010 _a 66016065
040 _aDLC
_cDLC
_dDLC
050 0 0 _aBF204.5
_b.V3
082 0 0 _a150.192
100 1 _aVan Kaam, Adrian L.,
_d1920-
_919661
245 1 0 _aExistential foundations of psychology,
_cby Adrian Van Kaam.
260 _aPittsburgh,
_bDuquesne University Press,
_c1966.
300 _axiv, 386 p.
_c24 cm.
440 0 _aDuquesne studies. Psychological series,
_v3
_919662
504 _aBibliography: p. 364-379.
650 0 _aExistential psychology.
_918736
906 _a7
_bcbc
_corignew
_du
_eocip
_f19
_gy-gencatlg
942 _2lcc
_cMONOGRAPH
999 _c123348
_d123348